| 000 | 00716nam a2200253Ia 4500 | ||
|---|---|---|---|
| 003 | OSt | ||
| 005 | 20221006144053.0 | ||
| 006 | a|||||r|||| 00| 0 | ||
| 007 | ta | ||
| 008 | 221006b |||||||| |||| 00| 0 eng d | ||
| 020 | _c289 | ||
| 024 | _a10,800 | ||
| 037 | _cTextual | ||
| 040 |
_aEASL _cEASL _beng |
||
| 041 |
_2eng _aeng |
||
| 082 | _aW81,(X8(J).41'N49, L3 | ||
| 100 |
_aTHAXTON Ralph _9109509 |
||
| 245 | 0 |
_aChina turned rightside up _b Revolutionary legitimacy in the peasant world |
|
| 260 |
_aNew Havan _b Yale University Press _c1983 |
||
| 300 |
_a286p. _ccm. |
||
| 490 | _v CEL | ||
| 942 |
_hW81,(X8(J).41'N49, L3 _cTEXL _2CC |
||
| 999 |
_c1078886 _d1078886 |
||